[Event "GCT Croatia Blitz 2021"]
[Site "Zagreb"]
[Date "2021.07.11"]
[Round "16"]
[White "Vachier-Lagrave, Maxime"]
[Black "Duda, Jan-Krzysztof"]
[Result "1-0"]
[WhiteElo "2749"]
[BlackElo "2738"]
[Annotator "TA"]
[PlyCount "149"]
[EventDate "2021.07.10"]
[EventType "tourn"]
[EventCountry "CRO"]
[SourceTitle "playchess.com"]
[Source "ChessBase"]
[SourceQuality "1"]

{[%evp 9,149,54,54,41,36,22,29,9,20,0,7,-29,-23,-24,0,-15,0,5,0,4,23,0,0,0,0,
-19,0,-48,0,-6,34,0,20,32,50,10,51,44,44,44,44,44,44,22,23,0,0,0,0,0,21,0,29,0,
0,0,46,31,31,39,84,72,74,26,146,139,153,162,193,140,136,141,121,121,153,79,147,
0,146,37,35,52,59,51,64,8,8,8,8,8,8,8,8,8,8,8,8,8,16,0,1,8,33,0,32,14,17,8,8,8,
14,14,78,78,83,83,188,187,187,180,153,35,35,18,86,86,159,174,5535,6925,29980,
29981,29981,29982,29982,29983,29983,29984,29984,29985,29985,29986]} 1. e4 c6 2.
Nf3 d5 3. Nc3 Nf6 4. e5 Ng8 5. d4 Bg4 6. Be2 {B11: Caro-Kann: Two Knights
Variation.} e6 7. Ng5 {[#]} Bf5 $146 ({Predecessor:} 7... Bxe2 8. Nxe2 c5 9.
O-O Nc6 10. Bf4 Nh6 11. c3 cxd4 12. cxd4 Nf5 13. Rc1 Qb6 {0-1 (35) Heineccius,
A (651)-Guaimare,C (1030) LSS email 2012}) 8. Bh5 {White has an edge.} Bg6 9.
O-O Be7 10. Nh3 c5 11. Nf4 cxd4 12. Nb5 Nc6 13. Nxd4 {Black should prevent
Nfxe6.} Nxd4 14. Qxd4 Nh6 15. Nxg6 hxg6 16. Be2 Nf5 17. Qa4+ Kf8 $1 18. Bd3 Bc5
19. g3 Rc8 20. Qf4 Qb6 21. c3 Be7 22. Re1 a6 (22... g5 $5 {[%cal Rg5f4]} 23.
Qf3 g6 $11) 23. a4 g5 24. Qf3 g6 25. a5 Qc5 26. Ra4 Kg7 27. Kg2 Rh7 28. h3 Rch8
{...Qc6 is the strong threat.} 29. Rh1 $1 Qc6 30. Rg4 Rh5 31. Bd2 Qc7 {[%mdl
64] Double Attack} 32. c4 $1 {[%cal Rc4d5]} Rd8 33. cxd5 Rxd5 {White must now
prevent ...Qd8.} 34. Bc3 b5 35. axb6 $1 Qxb6 36. Ra4 {Strongly threatening
Bxf5.} Rh8 (36... Nd4 $11 37. Qe3 Bc5) 37. Rxa6 $16 Qd8 38. Be4 $36 {[%mdl
2048] White is on the roll.} Rd7 {[%cal Bd5d7,Bd7c7,Bc7c4][%mdl 32]} 39. Ra8 (
39. Rha1 $18) 39... Qb6 40. Rxh8 Kxh8 41. Rd1 Rc7 {[#]} 42. Ra1 (42. Rd6 $142
$1 {[%mdl 512]} Qb5 (42... Qb8 43. Ra6) 43. Qd3) 42... Qb5 (42... Bb4 $142) 43.
Rd1 (43. Ra5 $16 Qd7 44. b4) 43... Kg7 {[#]} (43... Qb6 $1 $11 {keeps the
balance.}) 44. Bxf5 (44. Qd3 $1 $16 {[%cal Rd3b5]} Qa4 45. Bf3) 44... gxf5 $14
45. g4 fxg4 46. hxg4 Rc4 47. Rh1 ({Better is} 47. Rd4 $14) 47... Qd5 $11 48.
Qxd5 exd5 {[%mdl 4096] Endgame KRB-KRB} 49. Rd1 Rxg4+ 50. Kh3 Rf4 51. Kg3 Bc5
52. f3 d4 53. Bd2 Rf5 54. Re1 Kg6 55. Kg4 d3 56. Re4 (56. e6 $5 {[%cal Re6e7]}
Be7 57. exf7 Rxf7 58. Re6+ Kg7 59. Rb6 $14) 56... Bf2 57. b4 Bb6 58. e6 fxe6
59. Rxe6+ {[%mdl 64] Double Attack} Rf6 60. Re5 Rd6 (60... Rc6 $1 $11 {remains
equal.}) 61. Rxg5+ $16 Kf7 62. f4 Bd4 (62... Ke6 $16 {might work better.} 63.
Kf3 Kf7) 63. Kf3 $18 Bf6 64. Rc5 Ke6 65. f5+ (65. Ke4 $16) 65... Kd7 $14 66. b5
Bd4 (66... Ba1 $11) 67. Rc4 $16 Bb6 (67... Be5 $142) 68. Ke4 Ke8 $2 (68... Ba7
69. Rc3 Rd4+ 70. Ke5 Rd6) 69. Rc6 $18 Kd7 70. Rxd6+ {White mates.} Kxd6 71.
Bb4+ Kd7 72. Kxd3 Bd8 73. Ke4 Kc8 74. Kd5 Kb7 75. Bc5 {Weighted Error Value:
White=0.19/Black=0.22} 1-0

[Event "GCT Croatia Blitz 2021"]
[Site "Zagreb"]
[Date "2021.07.11"]
[Round "17"]
[White "Kasparov, Garry"]
[Black "Vachier-Lagrave, Maxime"]
[Result "0-1"]
[WhiteElo "2812"]
[BlackElo "2749"]
[Annotator "TA"]
[PlyCount "86"]
[EventDate "2021.07.10"]
[EventType "tourn"]
[EventCountry "CRO"]
[SourceTitle "playchess.com"]
[Source "ChessBase"]
[SourceQuality "1"]

{[%evp 21,86,27,34,29,27,29,29,18,23,23,23,23,22,24,20,28,25,0,8,8,12,6,9,8,9,
0,20,20,57,71,95,95,96,97,102,97,158,162,147,112,124,86,100,83,83,0,83,83,152,
83,115,54,55,48,75,0,0,0,0,0,0,0,0,0,0,-28,0]} 1. Nf3 c5 2. c4 Nf6 3. g3 b6 4.
Bg2 Bb7 5. Nc3 g6 6. O-O Bg7 7. d4 cxd4 8. Nxd4 Bxg2 9. Kxg2 Qc8 10. b3 Qb7+
11. f3 d5 12. cxd5 {A30: Symmetrical English: Double Fianchetto and Hedgehog.}
Nxd5 13. Nxd5 Qxd5 14. Be3 {White has an edge.} Nc6 15. Nxc6 Qxc6 16. Rc1 Qe6
17. Qd3 O-O 18. Rfd1 h5 {[#]} 19. Bf2 $146 ({Predecessor:} 19. Qe4 Qxe4 20.
fxe4 Rfc8 21. Rxc8+ Rxc8 22. Rd7 a6 23. Ra7 Rc2 24. Rxa6 Rxe2+ 25. Kf3 Rxh2 {
0-1 (41) Ftacnik,L (2560)-Kristiansen,J (2450) Helsingor 1982}) 19... Bf6 (
19... Rac8 {is interesting.} 20. Qe3 Qxe3 21. Bxe3 Be5 22. b4 Bd6) 20. Qc4 Qxc4
21. Rxc4 Rfd8 22. Rxd8+ Rxd8 $11 {[%mdl 4096] Endgame KRB-KRB} 23. Rc7 a5 (
23... Rd2 $5 {[%cal Rd2e2]}) 24. Be3 Rd6 25. Rb7 Bd4 26. Bxd4 Rxd4 $16 {KR-KR}
27. Kf2 ({Much weaker is} 27. Rxb6 $6 Rd2 $11) 27... a4 28. Rxb6 Rd2 ({Black
should try} 28... axb3 29. axb3 (29. Rxb3 Ra4 $14) 29... f6) 29. bxa4 Rxa2 30.
Rb4 Ra3 31. h4 Kg7 32. Ke1 Ra2 33. Kf2 Ra3 $1 34. Re4 Kf6 {[#]} (34... e6 $142)
35. Rf4+ (35. Ke1 $142 $1) 35... Ke6 36. g4 ({White should play} 36. Rb4 $16)
36... hxg4 $14 37. fxg4 f6 38. h5 (38. e3 $16) 38... gxh5 $11 39. gxh5 Rh3 40.
a5 Ra3 41. h6 {[#] Rh4 is the strong threat.} Rxa5 42. Rh4 {Hoping for h7.} Ra8
43. Ke3 Ke5 {[%mdl 32768] Weighted Error Value: White=0.15/Black=0.09. Sensor
Board Error (Ke4/e5)?} 0-1

[Event "GCT Croatia Blitz 2021"]
[Site "Zagreb"]
[Date "2021.07.11"]
[Round "17"]
[White "Mamedyarov, Shakhriyar"]
[Black "Anand, Viswanathan"]
[Result "1/2-1/2"]
[WhiteElo "2782"]
[BlackElo "2753"]
[Annotator "TA"]
[PlyCount "104"]
[EventDate "2021.07.10"]
[EventType "tourn"]
[EventCountry "CRO"]
[SourceTitle "playchess.com"]
[Source "ChessBase"]
[SourceQuality "1"]

{[%evp 9,104,13,11,12,12,11,22,14,19,9,14,20,17,17,16,9,12,12,15,0,14,7,15,15,
33,38,22,25,54,51,58,62,100,92,100,78,65,70,160,149,268,275,375,0,0,0,0,0,0,0,
0,0,0,-298,-218,-480,-485,-441,-345,-352,-344,-356,-330,-373,-346,-335,-345,
-337,-337,-297,0,0,0,0,0,0,8,8,8,8,8,8,8,8,8,8,8,8,8,8,8,0,8,0,8,0,8]} 1. d4 d5
2. c4 e6 3. Nf3 Nf6 4. Nc3 a6 5. c5 b6 6. cxb6 $1 {D37: Queen's Gambit
Declined: 5 Bf4.} cxb6 7. Bf4 Bd6 8. e3 O-O 9. Bd3 Bb7 10. Rc1 Bxf4 11. exf4
Nc6 12. O-O {[#]} Rc8 $146 ({Predecessor:} 12... Qd6 13. Ne5 Rfc8 14. Re1 b5
15. Bb1 Rc7 16. g4 Ne7 17. Qd3 g6 18. Rcd1 Ne4 {1-0 (37) Korobov,A (2688)
-Praggnanandhaa,R (2608) Chess.com INT 2020}) 13. Re1 b5 14. Bb1 Na5 15. Ne5
Nc4 16. b3 Nd6 17. Qd3 g6 18. f3 Qb6 19. g4 Rc7 20. Ne2 Rfc8 21. Rxc7 Rxc7 22.
h4 b4 23. h5 {[%cal Rh5g6]} Nfe8 ({Black should play} 23... a5 $14) 24. hxg6
$16 hxg6 (24... fxg6 $16 25. Kg2 Bc8) 25. Kg2 a5 26. Nxg6 $2 (26. Qe3 $18)
26... Ba6 $1 $11 {[%cal Ra6d3]} 27. Qe3 {[#] Hoping for Rh1.} Bxe2 28. Rxe2 {
Strongly threatening Ne5.} Nb5 {[%cal Bd6b5,Bb5c3,Bc3b1][%mdl 32] White must
now prevent ...Nc3.} 29. f5 Qxd4 30. Qg5 Qf6 31. Qf4 {[%mdl 8192]} (31. Ne7+
$11 Kf8 32. Qg8+ Kxe7 33. g5) 31... Nc3 32. Re5 (32. Rxe6 fxe6 33. g5) 32...
Nxb1 $19 33. g5 Qg7 {[#] Threatens to win with ...Rc2+.} 34. Nh4 f6 (34... Rc2+
$2 35. Kh3 $19) 35. Rxe6 Qxg5+ 36. Qxg5+ fxg5 37. Rxe8+ {[%mdl 4096] Endgame
KRN-KRN} Kf7 38. Re1 gxh4 39. Rxb1 {KR-KR} Rc3 $2 (39... Kf6 $19 40. Rd1 Rc5)
40. Rd1 $11 {The position is equal.} Rc2+ 41. Kh3 Rxa2 42. Rxd5 Kf6 43. Kxh4 a4
44. bxa4 Rxa4 (44... b3 {is more complex.} 45. Rb5 Rxa4+ 46. Kh3 Rf4 47. Rxb3
Rxf5 48. Rb6+ Kg5) 45. Rb5 b3+ 46. Kg3 b2 47. Rxb2 Kxf5 48. Rb5+ Kf6 49. Rb6+
Kf5 50. Rb5+ Kf6 51. Rb6+ Kf5 52. Rb5+ Kf6 {White used his chance.  Weighted
Error Value: White=0.25/Black=0.19} 1/2-1/2

[Event "GCT Croatia Blitz 2021"]
[Site "Zagreb"]
[Date "2021.07.11"]
[Round "17"]
[White "Grischuk, Alexander"]
[Black "Van Foreest, Jorden"]
[Result "1-0"]
[WhiteElo "2778"]
[BlackElo "2688"]
[Annotator "TA"]
[PlyCount "89"]
[EventDate "2021.07.10"]
[EventType "tourn"]
[EventCountry "CRO"]
[SourceTitle "playchess.com"]
[Source "ChessBase"]
[SourceQuality "1"]

{[%evp 9,89,39,58,31,55,29,27,33,66,49,71,18,26,32,67,56,82,12,89,84,80,76,125,
110,252,212,222,206,303,304,310,318,318,318,318,318,311,292,485,481,554,554,
519,291,543,539,498,520,451,506,779,778,911,852,1137,1110,1114,1043,1276,1264,
1222,1237,1199,1155,1189,1128,1470,1383,1337,1224,1611,1371,1843,1925,2479,
2395,3059,2714,29979,4134,2853,5065]} 1. d4 Nf6 2. c4 g6 3. Nc3 Bg7 4. e4 d6 5.
h3 e5 6. d5 {E71: King's Indian: 4 e4 d6 5 h3.} Nbd7 7. Bg5 h6 8. Be3 {White
has an edge.} h5 9. Nf3 Bh6 {[#]} 10. Ng5 $146 ({White should play} 10. Bxh6
$16 Rxh6 11. Qd2) ({Predecessor:} 10. Bxh6 Rxh6 11. b4 h4 12. Qd2 Rh8 13. a3 a5
14. Rb1 Nh5 15. Qg5 Ndf6 16. c5 axb4 17. axb4 {0-1 (29) Kavutskiy,K (2391)
-Belous,V (2520) Las Vegas 2021}) 10... h4 11. Be2 Kf8 12. Qd2 {Threatens to
win with Ne6+!} Kg7 13. O-O-O (13. Rd1 $16) 13... a6 (13... Nc5 $11) 14. g3 $36
{[%mdl 2048] White is really pushing.} hxg3 15. fxg3 Nc5 16. Rdf1 b5 {[#] A
mistake that costs the game.} (16... Qe8 $16) 17. Rxf6 $1 {[%mdl 512]} Qxf6 18.
Rf1 Qe7 (18... Qxf1+ $142 19. Bxf1 b4) 19. Rxf7+ $18 Qxf7 20. Nxf7 {[%mdl 64]
Discovered Attack} Bxe3 21. Qxe3 Kxf7 22. b4 ({Less strong is} 22. cxb5 axb5
23. b4 (23. Bxb5 Bxh3 24. b4 Nd7 $16) (23. Nxb5 Rxa2 24. b4 Nxe4 $16) 23... Na6
$18) 22... Nd7 23. cxb5 Rxh3 $2 {[#]} (23... Nf6 24. g4 a5) 24. bxa6 Bxa6 25.
Bxa6 Rxa6 26. Qf2+ Nf6 $2 (26... Ke7 27. Qf1 {[%mdl 64] Double Attack} Rxg3 28.
Qxa6 Rxc3+ 29. Kb2 Re3) 27. Qf1 Rxg3 28. Qxa6 Rxc3+ {[%mdl 4096] Endgame KQ-KRN
} 29. Kb2 Nxe4 (29... Rg3 $142 30. Qc4 Rg2+ 31. Kc1 Rg1+ 32. Kc2 Rg2+ 33. Kd1
Rg1+ 34. Kc2 Rg2+ 35. Kd1 Rg1+ 36. Ke2 Ne8) 30. a4 {[%cal Ba2a4,Ba4a5,Ba5a6,
Ba6a7][%mdl 32]} Rf3 31. Qc4 Rf2+ 32. Kc1 Rf4 33. Qxc7+ Kf6 34. a5 Rf1+ 35. Kc2
Rf2+ 36. Kd3 Kf5 37. Qf7+ Kg5 38. Qe7+ Kf5 39. a6 Ra2 40. a7 Nf6 41. b5 {
[%cal Bb4b5,Bb5b6][%mdl 32]} e4+ 42. Kc4 e3 43. Qxe3 Ne4 44. b6 Nc5 45. Qxc5 {
Weighted Error Value: White=0.22/Black=0.91} 1-0

[Event "GCT Croatia Blitz 2021"]
[Site "Zagreb"]
[Date "2021.07.11"]
[Round "17"]
[White "Duda, Jan-Krzysztof"]
[Black "Nepomniachtchi, Ian"]
[Result "1-0"]
[WhiteElo "2738"]
[BlackElo "2792"]
[Annotator "TA"]
[PlyCount "93"]
[EventDate "2021.07.10"]
[EventType "tourn"]
[EventCountry "CRO"]
[SourceTitle "playchess.com"]
[Source "ChessBase"]
[SourceQuality "1"]

{[%evp 19,93,0,0,11,7,0,0,0,0,-2,-4,-60,-58,-73,-64,-64,-72,-62,-27,-24,-19,
-22,0,0,0,0,27,0,10,25,62,55,91,81,115,91,106,112,120,99,196,199,190,138,181,
46,133,154,244,216,282,272,290,279,271,101,104,118,91,110,81,0,0,-106,-72,-172,
33,0,840,841,816,792,803,726,29977,29978]} 1. d4 Nf6 2. c4 e6 3. Nf3 d5 4. Nc3
Bb4 5. cxd5 exd5 6. Qa4+ Nc6 7. Bg5 h6 8. Bxf6 Qxf6 9. e3 O-O 10. Rc1 Rd8 11.
Bd3 $5 {[%mdl 4] An interesting side line. D38: Queen's Gambit Declined:
Ragozin Defence (4 Nf3 Bb4).} Bg4 12. Qd1 Ne7 {[#]} 13. h3 $146 {The position
is equal.} ({Predecessor:} 13. a3 Bxc3+ 14. Rxc3 c6 15. O-O Nc8 16. Be2 Bxf3
17. Bxf3 Nd6 18. Be2 Re8 {1/2-1/2 (18) Khademalsharieh,S (2413)-Sanikidze,T 
(2533) Amol 2018}) 13... Bh5 14. a3 Bd6 15. g4 (15. Nb5 $11) 15... Bg6 $15 {
And now ...Bxd3 would win.} 16. Ke2 c6 17. h4 Qe6 18. Rg1 Re8 19. h5 Bxd3+ 20.
Qxd3 f6 21. Nh4 Rad8 22. Na4 {[%cal Bc3a4,Ba4c5,Bc5d3][%mdl 32]} b6 23. Nf5 c5
24. dxc5 bxc5 25. Nxd6 Qxd6 26. Nxc5 {Hoping for Nb7.} Qb6 {[#]} 27. Qb3 $1 Qd6
28. Qa4 Rb8 29. Nd3 Kh8 (29... d4 $16 {was necessary.}) 30. Qxa7 $18 Qe6 {
and the idea ...Nc6 leaves Black hopeful.} 31. Qa4 ({Better is} 31. Kf1 $18)
31... Red8 $16 32. f3 (32. Kf3 $18) 32... d4 (32... f5 $1 $14 33. Qf4 Qa6) 33.
e4 Qd6 (33... Nd5 $16 {was worth a try.} 34. Qxd4 Nb4 35. Qxd8+ Rxd8 36. axb4
Qa6) 34. Rg2 Rdc8 {White must now prevent ...Rxc1.} 35. Kd1 Rxc1+ 36. Kxc1 ({
And not} 36. Nxc1 Qf4 $11) 36... Nc6 37. f4 (37. Qa6 $18 {and White stays
clearly on top.} Qd8 38. Rc2 (38. Qxc6 Rc8 $11)) 37... Qe6 38. Kb1 {e5! is the
strong threat.} Qxe4 39. Qc2 Na5 {White should prevent ...Nc4.} 40. Qe2 (40.
Rd2 $16) 40... Qa8 $11 41. g5 {[#]} (41. Rg3 $11 {remains equal.}) 41... Nc4 $1
$17 {[%cal Rc4a3] Strongly threatening ...Nxa3+.} 42. gxf6 (42. Ka2 $17 {
was the only chance.} Re8 43. Qf2) 42... gxf6 $2 ({Black should try} 42...
Nxa3+ $1 $19 43. Kc1 Qc6+ 44. Kd1 Nc4 45. fxg7+ Kg8) 43. Qg4 $40 {[%csl Gg2]
[%cal Rg4g7][%mdl 128] Black needs to defend precisely.} Qb7 {[%mdl 8192]} (
43... Rb7 $11 44. Qg6 Nxa3+ 45. Kc1 Rc7+ 46. Kd1 Qf3+ 47. Ke1 Re7+ 48. Ne5 Qe3+
{[%mdl 64] Double Attack} 49. Kd1 Qb3+ 50. Ke1 Qe3+ {[%mdl 64] Double Attack}
51. Kf1 Qc1+ 52. Kf2 Qxf4+ 53. Kg1 Qe3+ 54. Kh2 (54. Kh1 Qe1+ 55. Kh2 Qxe5+ $11
) 54... Qxe5+ 55. Rg3 Qe2+ {[%mdl 64] Double Attack} 56. Rg2 Qe5+ 57. Rg3 Qe2+
{[%mdl 64] Double Attack} 58. Rg2 Qe5+) 44. Qg6 $1 $18 {[%csl LRf6,LRh6][%mdl
64] Double Attack} Nxa3+ 45. Ka1 Nc2+ 46. Rxc2 Qh1+ 47. Rc1 {Weighted Error
Value: White=0.28/Black=0.40} 1-0

[Event "GCT Croatia Blitz 2021"]
[Site "Zagreb"]
[Date "2021.07.11"]
[Round "17"]
[White "Korobov, Anton"]
[Black "Giri, Anish"]
[Result "0-1"]
[WhiteElo "2683"]
[BlackElo "2776"]
[Annotator "TA"]
[PlyCount "64"]
[EventDate "2021.07.10"]
[EventType "tourn"]
[EventCountry "CRO"]
[SourceTitle "playchess.com"]
[Source "ChessBase"]
[SourceQuality "1"]

{[%evp 10,64,8,10,16,13,11,6,11,0,13,0,12,0,13,16,33,12,21,0,0,-27,5,0,0,0,0,0,
0,-46,-37,-49,-60,-44,-21,-76,-72,-164,-146,-313,-309,-500,-482,-660,-513,-460,
-464,-660,-621,-531,-419,-439,-431,-579,-587,-818,-791]} 1. e4 e5 2. Nf3 Nf6 3.
Nxe5 d6 4. Nf3 Nxe4 5. d3 Nf6 6. d4 g6 {C42: Petroff Defence: 3 Nxe5 and
unusual White 3rd moves.} 7. Bd3 Bg7 8. O-O O-O {The position is equal.} 9. c3
{[#]} Re8 $146 ({Predecessor:} 9... Nc6 10. Re1 Re8 {1/2-1/2 (10) Savic,M 
(2448)-Vardan,N (2370) Arandjelovac 2021}) 10. Bg5 h6 11. Bh4 b6 {[%cal Bb7b6,
Bb6b5,Bb5b4][%mdl 32]} 12. Nbd2 Bb7 13. a4 {[%cal Ba2a4,Ba4a5][%mdl 32]} (13.
Qb3 $5 {[%cal Rd3g6]}) 13... a6 14. a5 b5 15. c4 b4 (15... g5 $5 16. Bg3 $8
bxc4 17. Bxc4 Bd5 $11) 16. Re1 Nbd7 17. Qa4 c5 18. d5 Qc7 19. Rxe8+ Rxe8 20.
Re1 Rxe1+ 21. Nxe1 Nh5 22. b3 (22. g4 $11 Nhf6 23. h3) 22... Bc3 $36 {[%mdl
2048] Black has strong initiative.} 23. Nef3 {[#]} (23. Qa2 $17) 23... g5 $1
$19 {aiming for ...Bxd2.} 24. Bf5 $2 {Now White is beyond hope.} (24. g4 $17
gxh4 25. gxh5) 24... Ndf6 25. g4 $2 (25. Qa2 Ng7 26. Bd3 gxh4 27. Nxh4) 25...
Ng7 (25... gxh4 $2 26. gxh5 Bxd2 27. Nxd2 $19) 26. Nxg5 {And now Nge4 would
win.} hxg5 27. Bxg5 Nxf5 28. gxf5 (28. Bxf6 $142 Bxf6 29. Qe8+ Kg7 30. gxf5)
28... Qe7 {White must now prevent ...Qe1+.} 29. Nf1 Qd7 30. Qxd7 Nxd7 {Black
is clearly winning.} 31. Be7 {[#]} Bxd5 $1 {[%mdl 512]} 32. cxd5 (32. Ne3 Be4)
32... c4 {[%mdl 64] Promotion.  Weighted Error Value: White=0.59/Black=0.14}
0-1

[Event "GCT Croatia Blitz 2021"]
[Site "Zagreb"]
[Date "2021.07.11"]
[Round "18"]
[White "Nepomniachtchi, Ian"]
[Black "Kasparov, Garry"]
[Result "1/2-1/2"]
[WhiteElo "2792"]
[BlackElo "2812"]
[Annotator "TA"]
[PlyCount "60"]
[EventDate "2021.07.10"]
[EventType "tourn"]
[EventCountry "CRO"]
[SourceTitle "playchess.com"]
[Source "ChessBase"]
[SourceQuality "1"]

{[%evp 9,60,34,34,11,10,13,13,-7,-10,-8,-6,-8,-1,-5,0,-20,-14,-35,-41,-35,-28,
-38,-27,-22,-16,-14,-13,-12,-14,-19,-6,-6,-6,-8,-8,-12,-6,-19,0,-19,0,0,0,0,0,
0,0,-4,0,0,0,0,0]} 1. c4 b6 2. Nc3 e6 3. e4 Bb7 4. Nf3 Bb4 5. Bd3 Bxc3 6. dxc3
{A10: English Opening: Unusual Replies for Black.} d6 7. Nd4 Nd7 {[%cal Bb8d7,
Bd7c5,Bc5d3][%mdl 32] [#]} 8. b3 $146 ({Predecessor:} 8. O-O Nc5 9. f3 Ne7 10.
Bc2 O-O 11. Bg5 e5 12. Nf5 f6 13. Nxe7+ Qxe7 14. Be3 {0-1 (41) Seifert,D (2130)
-Kunin,V (2424) Bad Woerishofen 2002}) 8... Nc5 9. f3 Nxd3+ 10. Qxd3 Ne7 11.
Bg5 Qd7 12. a4 f6 13. Bh4 e5 14. Nc2 g5 15. Bf2 f5 16. Ne3 {[%cal Re3f5]} f4 {
The position is equal.} 17. Nd5 Nxd5 18. cxd5 a5 19. Qb5 Ba6 20. Qxd7+ Kxd7 21.
c4 h5 22. h3 Ke7 23. Ke2 Bc8 24. Rag1 Bd7 25. g3 Rag8 26. gxf4 gxf4 27. h4 Kf7
28. Kd2 Ke7 29. Ke2 Kf7 30. Kd2 Ke7 {Weighted Error Value: White=0.05/Black=0.
03} 1/2-1/2

[Event "GCT Croatia Blitz 2021"]
[Site "Zagreb"]
[Date "2021.07.11"]
[Round "18"]
[White "Giri, Anish"]
[Black "Mamedyarov, Shakhriyar"]
[Result "1-0"]
[WhiteElo "2776"]
[BlackElo "2782"]
[Annotator "RC"]
[PlyCount "87"]
[EventDate "2021.07.10"]
[EventType "tourn"]
[EventCountry "CRO"]
[SourceTitle "playchess.com"]
[Source "ChessBase"]
[SourceQuality "1"]
[TimeControl "300+2"]

1. d4 {[%emt 0:00:01]} Nf6 {[%emt 0:00:02]} 2. c4 {[%emt 0:00:01]} e6 {[%emt 0:
00:03]} 3. Nf3 {[%emt 0:00:01]} c5 {[%emt 0:00:02]} 4. d5 {[%emt 0:00:04]} b5 {
[%emt 0:00:01]} 5. dxe6 {[%emt 0:00:04]} fxe6 {[%emt 0:00:02]} 6. cxb5 {
[%emt 0:00:01]} d5 {[%emt 0:00:03]} 7. Nc3 {[%emt 0:00:02]} Nbd7 {[%emt 0:00:
04]} 8. e4 {[%emt 0:00:02]} d4 {[%emt 0:00:03]} 9. e5 {[%emt 0:00:10]} Ng4 {
[%emt 0:00:02]} 10. Ne4 {[%emt 0:00:51]} Bb7 {[%emt 0:00:01]} 11. Ned2 {
[%emt 0:01:02]} Ngxe5 {[%emt 0:00:39]} 12. Nxe5 {[%emt 0:00:01]} Nxe5 {[%emt 0:
00:01]} 13. Qh5+ {[%emt 0:00:04]} Nf7 {[%emt 0:00:08]} 14. Nc4 {[%emt 0:00:04]}
Be7 {[%emt 0:00:21]} 15. Bd3 {[%emt 0:00:06]} Bxg2 {[%emt 0:00:48]} 16. Rg1 {
[%emt 0:00:01]} Qd5 {[%emt 0:00:01]} 17. Qxd5 {[%emt 0:00:09]} Bxd5 {[%emt 0:
00:08]} 18. Rxg7 {[%emt 0:00:01]} Bf6 {[%emt 0:00:05]} 19. Rg4 {[%emt 0:00:09]}
Ke7 {[%emt 0:00:56]} 20. b3 {[%emt 0:00:43]} h5 {[%emt 0:00:11]} 21. Rg6 {
[%emt 0:00:27]} Bxc4 {[%emt 0:00:16]} 22. Bxc4 {[%emt 0:00:13]} Ne5 {[%emt 0:
00:02]} 23. Rg3 {[%emt 0:00:05]} h4 {[%emt 0:00:02]} 24. Rh3 {[%emt 0:00:09]}
Rag8 {[%emt 0:00:04]} 25. Kf1 {[%emt 0:00:08]} Rg7 {[%emt 0:00:20]} 26. Ba3 {
[%emt 0:00:02]} Kd6 {[%emt 0:00:02]} 27. Rc1 {[%emt 0:00:05]} Rhg8 {[%emt 0:00:
01]} 28. Ke2 {[%emt 0:00:09]} Rg1 {[%emt 0:00:09]} 29. Rc2 {[%emt 0:00:09]}
R8g4 {[%emt 0:00:15]} 30. Bd3 {[%emt 0:00:04]} Nxd3 {[%emt 0:00:04]} 31. Kxd3 {
[%emt 0:00:07]} Rg5 {[%emt 0:00:05]} 32. Kc4 {[%emt 0:00:08]} Rf5 {[%emt 0:00:
05]} 33. Rd3 {[%emt 0:00:13]} Rg2 {[%emt 0:00:03]} 34. h3 {[%emt 0:00:04]} Rh2
{[%emt 0:00:31]} 35. Re2 {[%emt 0:00:12]} Rh1 {[%emt 0:00:11]} 36. Rc2 {
[%emt 0:00:06]} Rf1 {[%emt 0:00:02]} 37. b4 {[%emt 0:00:09]} cxb4 {[%emt 0:00:
02]} 38. Bxb4+ {[%emt 0:00:00]} Kd7 {[%emt 0:00:06]} 39. Ra3 {[%emt 0:00:01]}
R5xf2 {[%emt 0:00:12]} 40. Rxa7+ {[%emt 0:00:01]} Ke8 {[%emt 0:00:00]} 41. Rxf2
{[%emt 0:00:02]} Rxf2 {[%emt 0:00:01]} 42. b6 {[%emt 0:00:00]} Be5 {[%emt 0:00:
03]} 43. b7 {[%emt 0:00:04]} Rxa2 {[%emt 0:00:02]} 44. Rxa2 {[%emt 0:00:01]}
1-0

[Event "GCT Croatia Blitz 2021"]
[Site "Zagreb"]
[Date "2021.07.11"]
[Round "18"]
[White "Anand, Viswanathan"]
[Black "Grischuk, Alexander"]
[Result "1/2-1/2"]
[WhiteElo "2753"]
[BlackElo "2778"]
[Annotator "TA"]
[PlyCount "70"]
[EventDate "2021.07.10"]
[EventType "tourn"]
[EventCountry "CRO"]
[SourceTitle "playchess.com"]
[Source "ChessBase"]
[SourceQuality "1"]

{[%evp 18,70,15,18,17,15,19,19,21,18,14,20,24,6,5,0,12,0,0,0,0,0,0,0,20,0,0,0,
0,0,0,0,0,0,0,0,0,0,0,0,0,0,0,0,0,0,0,0,0,0,0,0,0,0,0]} 1. e4 e5 2. Nf3 Nc6 3.
Bb5 Nf6 4. O-O Nxe4 5. Re1 Nd6 6. Nxe5 Be7 7. Bf1 Nxe5 8. Rxe5 O-O 9. d4 Bf6
10. Re1 Re8 {C67: Ruy Lopez: Berlin Defence: 4 0-0 Nxe4.} 11. c3 Rxe1 12. Qxe1
Ne8 13. Bf4 d5 14. Nd2 g6 15. Bd3 Ng7 {The position is equal.} 16. Nf3 c6 17.
Qe2 Bf5 18. Bxf5 Nxf5 19. Re1 Ng7 20. Be5 Ne6 21. Bxf6 Qxf6 22. Ne5 Re8 23. Ng4
Qd8 24. Qe5 {Black must now prevent Nf6+.} Ng7 25. Qxe8+ {[%mdl 64] [#] Decoy}
({Not} 25. Nh6+ $2 Kf8 $19) 25... Nxe8 26. Rxe8+ {[%mdl 64] Remove Defender}
Qxe8 {[%cal Re8e1]} 27. Nf6+ {[%mdl 64] Double Attack} Kf8 {[%cal Re8e1]} 28.
Nxe8 Kxe8 $11 {[%mdl 4096] Endgame KP-KP} 29. f4 f5 30. b4 b5 31. Kf2 Kf7 32.
Kf3 Kf6 {[#]} 33. Kf2 $146 ({Predecessor:} 33. h4 h5 34. Ke3 Ke6 35. Ke2 Ke7
36. Ke1 Ke6 37. Ke2 Ke7 38. Ke3 Ke6 39. Ke2 {1/2-1/2 (39) Carlsen,M (2863)
-Ding,L (2791) chess24.com INT 2020}) 33... Kf7 34. Kf3 Kf6 35. Kf2 Kf7 {
A rather calm draw.  Weighted Error Value: White=0.03/Black=0.02} 1/2-1/2